[Event "FRA-chT3 Gr12 0304"]
[Site "Loire"]
[Date "2003.12.07"]
[Round "5.8"]
[White "Pupier, Terry"]
[Black "Cayuela Mosch, Renate"]
[Result "1-0"]
[WhiteElo "1800"]
[BlackElo "1499"]
[PlyCount "45"]
[EventDate "2003.10.12"]
[EventType "team"]
[EventRounds "9"]
[EventCountry "FRA"]
[SourceTitle "EXT 2008"]
[Source "ChessBase"]
[SourceDate "2007.11.25"]
[SourceVersion "1"]
[SourceVersionDate "2007.11.25"]
[SourceQuality "1"]

1. e4 e5 2. Nf3 Nc6 3. Bb5 Nf6 4. 0-0 Nxe4 5. Re1 Nf6 6. Nxe5 Nxe5 7. Rxe5+ Be7 8. Qe1 0-0 9. Rxe7 Re8 10. Rxe8+ Nxe8 11. d4 a6 12. Bd3 Nf6 13. Bg5 d5 14. Qe5 Be6 15. Nd2 Qe7 16. c3 h6 17. Bxf6 gxf6 18. Qh5 Qf8 19. Re1 Re8 20. Re3 Qg7 21. Rg3 Bg4 22. Rxg4 Re1+ 23. Nf1 1-0